Villes des Aventuriers du Rail - Italie 🇮🇹 - Statistiques

Statistiques générales
  • Ce quiz a Ă©tĂ© pris 13 fois
  • Le rĂ©sultat moyen est 20 sur 34
Statistiques - réponses
Régions Ville % Correct
Lombardie Milano
100%
Toscane Pisa
100%
Latium Roma
100%
Vénétie Venezia
100%
Toscane Firenze
92%
Ligurie Genova
92%
Campanie Napoli
92%
Piémont Torino
92%
Frioul-Vénétie-Julienne Trieste
92%
Émilie-Romagne Bologna
85%
Sicile Palermo
85%
Pouilles Bari
77%
Sicile Messina
77%
Sicile Catania
69%
Émilie-Romagne Parma
69%
Sicile Siracusa
69%
Vénétie Verona
69%
Sardaigne Cagliari
62%
Lombardie Bergamo
54%
Pouilles Lecce
46%
Campanie Salerno
46%
Pouilles Taranto
46%
Marches Ancona
38%
Trentin-Haut-Adige Bolzano
38%
Pouilles Foggia
38%
Sardaigne Olbia
38%
Ombrie Perugia
31%
Émilie-Romagne Ravenna
31%
Sardaigne Sassari
31%
Sicile Agrigento
23%
Calabre Cosenza
23%
Toscane Grosseto
23%
Abruzzes Pescara
15%
Frioul-Vénétie-Julienne Tarvisio
0%
Aucun quiz correspondant
Distribution des résultats
% des personnes avec chaque résultat
Percentile par nombre de réponses
Votre historique - résultats
Vous n’avez pas pris ce quiz